Quick Pick: Names and Places in Revelation Quiz Stats

 Plays Quiz Updated Jun 30, 2017

Support Sporcle.
Go Orange.
Score 0/11 Timer 01:00
0 Plays Today
% Correct
Jesus Christ
76.5%
Heaven
74.5%
Death
73.1%
Armageddon
72.3%
Jerusalem
71.6%
John
64.8%
Hades
50.1%
Euphrates
48.8%
Jezebel
44.7%
Philadelphia
44.5%
Moses
41.8%

Today's Daily Dose

You're not logged in!

Compare scores with friends on all Sporcle quizzes.
OR
Log In
Forgot?

From the Vault

Countries of the German Empires

by zeppelinoid

This quiz is best taken wearing lederhosen and eating br├Ątwurst...or at least that is our excuse for the outfit and the snack.
Remove Ads.
Support Sporcle.
Get the best of Sporcle when you Go Orange. This ad-free experience offers more features, more stats, and more fun while also helping to support Sporcle. Thank you for becoming a member.

Show Comments

Extras

Top Quizzes Today


Score Distribution

Your Account Isn't Verified!

In order to create a playlist on Sporcle, you need to verify the email address you used during registration. Go to your Sporcle Settings to finish the process.

Report this User

Report this user for behavior that violates our Community Guidelines.

Details: